000 00490nam a2200205Ia 4500
003 OSt
005 20250425084949.0
008 210423s2007 xx 000 0 und d
020 _a415250099
040 _cAL
041 _aeng
082 _a801.85092
_223
_bMCAJ
100 _aNoelle McAfee
_986570
245 _aJulia Kristeva.
260 _aLondon
_bRoutledge & Kegan Paul
_c2007
300 _axi,153
_bPB
365 _b220
_cINR
906 _aJulia ; Kristeva.
942 _2ddc
_cBK
999 _c157198
_d157198